J. HABERMAS: DOMINIO TECNICO Y COMUNIDAD LINGUISTICA/

INCLUYE BIBLIOGRAFIA

שמור ב:
מידע ביבליוגרפי
מחבר ראשי: Gabás, Raúl (autor)
פורמט: ספר
סדרה:ARIEL QUINCENAL; 156
נושאים:
תגים: הוספת תג
אין תגיות, היה/י הראשונ/ה לתייג את הרשומה!

MARC

LEADER 00000nam^a2200000^a^4500
001 000224238
005 20250521000000.0
009 20260310104044.634
020 |a 84-344-0820-1 
035 |a 043075 
037 |a Acervo Xavier Clavigero 
082 |a 149. 94  |b GAB 
100 |a Gabás, Raúl  |e (autor) 
245 1 0 |a J. HABERMAS:  |b DOMINIO TECNICO Y COMUNIDAD LINGUISTICA/  |c RAUL GABAS 
264 |a BARCELONA :  |b ARIEL,  |c 1980 
300 |a 289p. 
336 |a texto  |b txt  |2 rdacontenido 
337 |a sin mediación  |b n  |2 rdamedio 
338 |a volumen  |b nc  |2 rdasoporte 
440 |a ARIEL QUINCENAL;  |v 156 
520 |a INCLUYE BIBLIOGRAFIA 
649 |a XX 
650 |a Filosofía del Lenguaje 
650 |a Clase Media 
650 |a Positivismo 
650 |a Habermas, Jürgen 
910 |a Fondo General 
920 |a Impresos - Libros 
930 |a Colección General 
905 |a 101 
901 |a 043075  |b IT1  |c ACC  |i 043075  |u 20250521 
902 |a https://opac.biblio.iteso.mx/vufind/Record/000224238